Statistics for Months of the Year in Spanish

Click here to take the quiz!

General Stats

  • This quiz has been taken 21,724 times
  • The average score is 10 of 12

Answer Stats

Month% Correct
julio
93%
mayo
92%
abril
89%
junio
88%
noviembre
85%
septiembre
85%
marzo
84%
febrero
83%
enero
82%
octubre
79%
agosto
74%
diciembre
70%

Score Distribution

Percentile by Number Answered

Percent of People with Each Score

Your Score History

You have not taken this quiz